[Event "Steyr Landesliga 1718"]
[Site "Austria"]
[Date "2018.04.14"]
[Round "11.7"]
[White "Leitner, Kevin"]
[Black "Kristoferitsch, Daniel"]
[Result "0-1"]
[WhiteElo "2068"]
[BlackElo "1763"]
[PlyCount "76"]
[EventDate "2017.09.30"]
[EventType "team-tourn"]
[EventRounds "11"]
[EventCountry "AUT"]
[SourceTitle "EXT 2021"]
[Source "ChessBase"]
[SourceDate "2020.10.23"]
[SourceVersion "1"]
[SourceVersionDate "2020.10.23"]
[SourceQuality "1"]
[WhiteTeam "Leibnitz"]
[BlackTeam "Graz Schachfreunde II"]
[WhiteTeamCountry "AUT"]
[BlackTeamCountry "AUT"]

1. e4 c5 2. c3 Nf6 3. e5 Nd5 4. d4 cxd4 5. Qxd4 Nb6 6. Nf3 Nc6 7. Qe4 g6 8. Bd3 Bg7 9. Bf4 0-0 10. 0-0 Re8 11. Re1 d6 12. exd6 e5 13. Bg3 Bf5 14. Qe2 e4 15. Bxe4 Rxe4 16. Qd1 Rxe1+ 17. Qxe1 Nc4 18. Nbd2 Nxd6 19. Rd1 Qf6 20. Qe3 Bc2 21. Rc1 Nf5 22. Qc5 Nxg3 23. hxg3 Bf5 24. Re1 Rd8 25. Nc4 b6 26. Qe3 Be6 27. Ncd2 h6 28. Ne4 Qe7 29. Qf4 Qd7 30. Nf6+ Bxf6 31. Qxf6 Qe7 32. Qf4 Kg7 33. Qe4 Qc5 34. Nh4 Qd5 35. Qe3 Qxa2 36. b4 Qc4 37. b5 Qxb5 38. Nxg6 Kxg6 0-1

[Event "Steyr Landesliga 1718"]
[Site "Austria"]
[Date "2018.03.10"]
[Round "9.6"]
[White "Hellinger, Manfred"]
[Black "Leitner, Kevin"]
[Result "0-1"]
[WhiteElo "1871"]
[BlackElo "2068"]
[PlyCount "64"]
[EventDate "2017.09.30"]
[EventType "team-tourn"]
[EventRounds "11"]
[EventCountry "AUT"]
[SourceTitle "EXT 2019"]
[Source "ChessBase"]
[SourceDate "2018.10.10"]
[SourceVersion "1"]
[SourceVersionDate "2018.10.10"]
[SourceQuality "1"]
[WhiteTeam "Spg ISR"]
[BlackTeam "Leibnitz"]
[WhiteTeamCountry "AUT"]
[BlackTeamCountry "AUT"]

1. d4 d5 2. c4 e6 3. Nf3 Nf6 4. g3 Be7 5. Bg2 c6 6. Qc2 0-0 7. b3 Ne4 8. Nbd2 f5 9. 0-0 Nd7 10. Bb2 Ndf6 11. Nxe4 Nxe4 12. e3 g5 13. Ne5 g4 14. f3 gxf3 15. Rxf3 Bd6 16. Nd3 Bd7 17. Raf1 Qg5 18. Nf4 Rae8 19. a4 Re7 20. Ra1 Be8 21. Ba3 Bxa3 22. Rxa3 Bh5 23. Nh3 Qh6 24. Rf4 Rg7 25. Bxe4 fxe4 26. Rxf8+ Kxf8 27. Nf4 Bf3 28. Qf2 Ke7 29. c5 Qg5 30. b4 e5 31. b5 exd4 32. exd4 Qxf4 0-1

[Event "Steyr Landesliga 1617"]
[Site "Austria"]
[Date "2017.02.04"]
[Round "7.7"]
[White "Rattinger, Thomas"]
[Black "Leitner, Kevin"]
[Result "0-1"]
[WhiteElo "1888"]
[BlackElo "2022"]
[PlyCount "66"]
[EventDate "2016.10.01"]
[EventType "team-tourn"]
[EventRounds "11"]
[EventCountry "AUT"]
[SourceTitle "EXT 2018"]
[Source "ChessBase"]
[SourceDate "2017.10.13"]
[SourceVersion "1"]
[SourceVersionDate "2017.10.13"]
[SourceQuality "1"]
[WhiteTeam "Ratten Krieglach"]
[BlackTeam "Leibnitz"]
[WhiteTeamCountry "AUT"]
[BlackTeamCountry "AUT"]

1. e4 d5 2. exd5 Qxd5 3. Nc3 Qa5 4. d4 c6 5. Bc4 Nf6 6. Nf3 Bf5 7. 0-0 e6 8. Bd2 Qc7 9. Re1 Be7 10. h3 0-0 11. Nh4 Bg6 12. Nxg6 hxg6 13. Ne4 Nxe4 14. Rxe4 Bd6 15. Qf3 Nd7 16. c3 Nf6 17. Re2 Rae8 18. Rae1 e5 19. dxe5 Rxe5 20. Rxe5 Bxe5 21. Qe3 Bh2+ 22. Kh1 b5 23. Bb3 Re8 24. Qd3 Rd8 25. Qe3 Bd6 26. c4 Re8 27. Qd3 Rxe1+ 28. Bxe1 Qe7 29. Bd2 Ne4 30. Be3 Qe5 31. Kg1 Nc5 32. Bxc5 Qe1+ 33. Qf1 Bh2+ 0-1